000 00564nam a2200181Ia 4500
008 151018s9999 xx 000 0 und d
082 _bRBASDV12124
_a761
100 _aराम भागवत
245 _aअॅथलेटीक्स
250 _b1
260 _bप्रेस्टीज पब्लिकेशन पुणे
_c1978
300 _a96
600 _aराम भागवत
630 _aअॅथलेटीक्स
700 _aराम भागवत
730 _aअॅथलेटीक्स
942 _cBOOK
999 _c1014376
_d1014373